| 000 | 00583nam a2200193Ia 4500 | ||
|---|---|---|---|
| 003 | OSt | ||
| 005 | 20250609105517.0 | ||
| 008 | 210210b1985 xxu||||| |||| 00| 0 eng d | ||
| 040 | _cAL | ||
| 041 | _aKannada | ||
| 082 | _aK894.4 MASM | ||
| 100 |
_aMASTHI VENKATESHA AYYANGAR _dಮಾಸ್ತಿ ವೆಂಕಟೇಶ ಅಯ್ಯಂಗಾರ್ _9213354 |
||
| 245 |
_aMatugara Ramanna _bಮಾತುಗಾರ ರಾಮಣ್ಣ |
||
| 260 |
_aBengaluru _bNirantara Prakashana _c1985 |
||
| 300 | _axvi,164 | ||
| 690 |
_aKannada Prose _9213355 |
||
| 906 | _a039042 | ||
| 942 |
_2ddc _cBK |
||
| 999 |
_c89198 _d89198 |
||